000
00304nam a22001217a 4500
999
_c
165559
_d
165559
082
_a
_b
100
_a
Pashupatinath Upadhyay
245
_a
Aapathkalothar hindi kavitha/
_c
by Pashupatinath Upadhyay.
260
_a
Mathura:
_b
Jawahar Pustakalaya,
_c
2008.
300
_a
221p.
650
_a
942
_c
BK